El público en la comunicación política. Su función: antecedentes y consecuencias /
में बचाया:
| मुख्य लेखक: | |
|---|---|
| स्वरूप: | मूलपाठ |
| विषय: | |
| टैग: |
टैग जोड़ें
कोई टैग नहीं, इस रिकॉर्ड को टैग करने वाले पहले व्यक्ति बनें!
|
MARC
| LEADER | 00000 a a2200000 04500 | ||
|---|---|---|---|
| 001 | 44187 | ||
| 003 | |||
| 040 | |||
| 100 | |a Blumler G, Jay | ||
| 245 | |a El público en la comunicación política. Su función: |b antecedentes y consecuencias / |c Jay G Blumler | ||
| 650 | |a MEDIOS DE COMUNICACION | ||
| 650 | |a POLITICA | ||
| 650 | |a OPINION PUBLICA | ||
| 773 | |g volumen38, número3 ( , 1976), Páginas 627-648 | ||
| 999 | |c 31414 |d 31414 | ||
